00554nam a2200205 i 4500001001100000003000500011005001700016008004100033040002500074082001200099090001700111245004400128264007000172300001000242336002100252337002500273338002300298942001000321999001700331C2-0281173PPAK20180728011836.0070805s2001 my |||| ||||| | may d aPPAKbengcPPAKerda04a32022300a320bPOLdKK00aPolitik (Keratan Akhbar Koleksi Kedah ) 1aAlor Setar, Kedah : bPerbadanan Perpustakaan Awam Kedah , c2001 c33 cm 2rdacontentatext 2rdamediaaunmediated 2rdacarrieravolume ddccB c87549d87549